Hombre-Dios : (Record no. 28644)
[ view plain ]
| 000 -CABECERA | |
|---|---|
| campo de control de longitud fija | 00857nam a2200229 a 4500 |
| 005 - FECHA Y HORA DE LA ÚLTIMA TRANSACCIÓN | |
| campo de control | 20210223122044.0 |
| 008 - ELEMENTOS DE LONGITUD FIJA--INFORMACIÓN GENERAL | |
| campo de control de longitud fija | 991125s1973 mx 000 0 spa u |
| 020 ## - NÚMERO INTERNACIONAL NORMALIZADO PARA LIBROS | |
| Número Internacional Estándar del Libro | 9683609341 (10 dígitos) |
| 020 ## - NÚMERO INTERNACIONAL NORMALIZADO PARA LIBROS | |
| Número Internacional Estándar del Libro | 9789683609342 (13 dígitos) |
| 035 ## - NÚMERO DE CONTROL DEL SISTEMA | |
| Número de control de sistema | UPN01000028644 |
| 049 ## - COLECCIÓN | |
| Colección | CG |
| 050 #4 - SIGNATURA TOPOGRÁFICA DE LA BIBLIOTECA DEL CONGRESO | |
| Número de clasificación | F1221 N3 |
| Número de documento/Ítem | L6.3 |
| 100 1# - ASIENTO PRINCIPAL--NOMBRE PERSONAL | |
| Nombre de persona | López Austin, Alfredo, |
| Fechas asociadas al nombre | 1936- |
| 9 (RLIN) | 36376 |
| 245 10 - MENCIÓN DE TÍTULO | |
| Título | Hombre-Dios : |
| Resto del título | religión y política en el mundo náhuatl / |
| Mención de responsabilidad, etc. | Alfredo López Austin. |
| 260 ## - PUBLICACIÓN, DISTRIBUCIÓN, ETC. | |
| Lugar de publicación, distribución, etc. | México : |
| Nombre del editor, distribuidor, etc. | UNAM, Instituto de Investigaciones Históricas, |
| Fecha de publicación, distribución, etc. | 1973. |
| 300 ## - DESCRIPCIÓN FÍSICA | |
| Extensión | 209 p. |
| 440 #0 - MENCIÓN DE SERIE/ASIENTO SECUNDARIO--TÍTULO | |
| Título | Instituto de Investigaciones Históricas. |
| Nombre de parte o sección de la obra | Serie de cultura náhuatl. |
| -- | Monografía ; |
| Designación de volumen o secuencia | 15 |
| 500 ## - NOTA GENERAL | |
| Nota general | "segunda edición : 1989" (reimpresión) |
| 500 ## - NOTA GENERAL | |
| Nota general | "tercera edición : 1998" (reimpresión) |
| 650 #4 - ASIENTO SECUNDARIO DE MATERIA - TERMINO TEMATICO | |
| Término de materia o nombre geográfico como elemento de entrada | NAHUAS - |
| Subdivisión general | RELIGION Y MITOLOGIA |
| 9 (RLIN) | 18096 |
| 905 ## - TIPO DE MATERIAL | |
| Tipo de material | Libro |
| Estado de retiro | Estado de pérdida | Fuente del sistema de clasificación o colocación | Estado dañado | No para préstamo | Código de colección | Localización permanente | Ubicación/localización actual | Ubicación en estantería | Total de préstamos | Clasificación | Código de barras | En préstamo | Fecha visto por última vez | Número de copia | Tipo de ítem Koha | Fecha de adquisición | Fecha del último préstamo |
|---|---|---|---|---|---|---|---|---|---|---|---|---|---|---|---|---|---|
| Library of Congress Classification | Colección General | Bib. Gregorio Torres Quintero | Bib. Gregorio Torres Quintero | Planta baja | 1 | F1221 N3 L6.3 | 318479 | 17/04/2018 | 31/12/2020 | 1 | Libro | ||||||
| Library of Congress Classification | Colección General | Bib. Gregorio Torres Quintero | Bib. Gregorio Torres Quintero | Planta baja | 3 | F1221 N3 L6.3 | 298746 | 07/11/2023 | 1 | Libro | 10/10/2023 | 10/10/2023 | |||||
| Library of Congress Classification | Colección General | Bib. Gregorio Torres Quintero | Bib. Gregorio Torres Quintero | Planta baja | 1 | F1221 N3 L6.3 | 318480 | 28/06/2024 | 1 | Libro | 19/06/2024 | 19/06/2024 | |||||
| Library of Congress Classification | Colección General | Bib. Gregorio Torres Quintero | Bib. Gregorio Torres Quintero | Planta baja | 16 | F1221 N3 L6.3 | 30564 | 02/02/2023 | 1 | Libro | 27/01/2023 | 27/01/2023 |
